000 00686nam a2200217Ia 4500
999 _c41545
_d41545
001 8212
003 GE_BSU
005 20221114104131.0
008 181216s2013||||en |||||||||||||| ||eng||
020 _a9781842168134x
040 _cGE_BSU
080 _a811.111'36(076) E-93
100 _aEvans, Virginia.
_93157
245 _aWork book: ENTERPRISE:3 : Pre-Intermediate /
_cVirginia Evans ; Jenny Dooley.
264 _aLondon :
_bExpress Publishing,
_c2013..
300 _a71 p .:
_bill ;
_c27 cm.
653 _aWork book:ENTERPRISE : 3
653 _aინგლისური ენის გრამატიკა
700 _aDooley, Jenny
_93165
942 _cBK
_2udc